Encyclopedia of national economies (Record no. 2773)

MARC details
000 -LEADER
fixed length control field 00526nam a2200169Ia 4500
020 ## - INTERNATIONAL STANDARD BOOK NUMBER
ISBN 0-7876-4955-4
082 ## - DEWEY DECIMAL CLASSIFICATION NUMBER
Classification number RR 330.03 ENC;
245 #0 - TITLE STATEMENT
Title Encyclopedia of national economies
260 ## - PUBLICATION, DISTRIBUTION, ETC. (IMPRINT)
Place of publication Detroit
Name of publisher Gale Group
Year of publication 2002
300 ## - PHYSICAL DESCRIPTION
Number of Pages 4v.
500 ## - GENERAL NOTE
General note Contents: Vol.1.Africa(xv, 562p.) - v.2.Americas(xv, 450p.) - v.3.Asia & the Pacific(xv, 732p.) - v.4. Europe(xv, 566p.)
504 ## - BIBLIOGRAPHY, ETC. NOTE
Bibliography, etc Includes index
650 ## - SUBJECT ADDED ENTRY--TOPICAL TERM
Topical Term Economics - Encyclopedias
700 ## - ADDED ENTRY--PERSONAL NAME
Personal name Pendergast, Tom
700 ## - ADDED ENTRY--PERSONAL NAME
Personal name Pendergast, Sara
942 ## - ADDED ENTRY ELEMENTS (KOHA)
Koha item type Books
Source of classification or shelving scheme Dewey Decimal Classification
Holdings
Withdrawn status Lost status Damaged status Not for loan Home library Current library Date acquired Serial Enumeration / chronology Bill Date Full call number Accession Number Price effective from Koha item type
        NASSDOC Library NASSDOC Library 08/06/2004 V.1 2004-10-05 RR 330.03 ENC; 38585 18/04/2019 Books
        NASSDOC Library NASSDOC Library 08/06/2004 V.2 2004-10-05 RR 330.03 ENC; 38586 18/04/2019 Books
        NASSDOC Library NASSDOC Library 08/06/2004 V.3 2004-10-05 RR 330.03 ENC; 38587 18/04/2019 Books
        NASSDOC Library NASSDOC Library 08/06/2004 V.4 2004-10-05 RR 330.03 ENC; 38588 18/04/2019 Books